[Event "NB2 Asztalos csoport"]
[Site "Decs"]
[Date "2024.11.17"]
[Round "2.9"]
[White "Kosa, Jeno"]
[Black "Werner, Anna"]
[Result "1-0"]
[WhiteElo "2010"]
[BlackElo "1995"]
[PlyCount "123"]
[EventDate "2024.11.03"]
[EventType "team-tourn"]
[EventRounds "9"]
[EventCountry "HUN"]
[Source "chess.hu"]
[SourceDate "2024.11.17"]
[WhiteTeam "Bajai SSC"]
[BlackTeam "Decs 1990"]
[WhiteTeamCountry "HUN"]
[BlackTeamCountry "HUN"]

1. d4 d5 2. Nf3 Nf6 3. g3 c6 4. Bg2 Bf5 5. c4 e6 6. Nc3 h6 7. Qb3 Qb6 8. c5
Qxb3 9. axb3 Na6 10. Ra4 Bc2 11. O-O Bxb3 12. Ra3 Bc2 13. Ne5 Nc7 14. Be3 Be7
15. Rc1 Bf5 16. Rb3 Nd7 17. Rxb7 Nxe5 18. Rxc7 Bd8 19. Rb7 Nc4 20. Ra1 Na5 21.
Rb4 Bc2 22. Rc1 Bf5 23. Ra1 Bc2 24. Rc1 Bf5 25. Bf4 O-O 26. Bd6 Re8 27. e4 Bg6
28. Re1 Bf6 29. e5 Bd8 30. Bf1 f6 31. Ra1 Bc2 32. Ba6 Nb3 33. Ra3 Na5 34. Bb7
Nxb7 35. Rxb7 a6 36. f4 f5 37. b3 Bd3 38. Na4 a5 39. Nb6 Ra6 40. Bc7 Bxc7 41.
Rxc7 Bb5 42. Kf2 Kf8 43. Nd7+ Kg8 44. Nb6 Kf8 45. h3 Re7 46. Rc8+ Re8 47. Rc7
Re7 48. Rc8+ Re8 49. Rxe8+ Kxe8 50. g4 fxg4 51. hxg4 g6 52. Ra1 Kf7 53. Kg3 Bd3
54. Rc1 Kg7 55. Rc3 Bb5 56. f5 gxf5 57. gxf5 exf5 58. Kf4 a4 59. bxa4 Bxa4 60.
Kxf5 Bd1 61. Rg3+ Kf8 62. Ke6 1-0

[Event "NB2 Asztalos csoport"]
[Site "Decs"]
[Date "2024.11.17"]
[Round "2.10"]
[White "Forster, Tamas"]
[Black "Baki, Bence"]
[Result "1/2-1/2"]
[WhiteElo "1988"]
[BlackElo "1919"]
[PlyCount "73"]
[EventDate "2024.11.03"]
[EventType "team-tourn"]
[EventRounds "9"]
[EventCountry "HUN"]
[Source "chess.hu"]
[SourceDate "2024.11.17"]
[WhiteTeam "Decs 1990"]
[BlackTeam "Bajai SSC"]
[WhiteTeamCountry "HUN"]
[BlackTeamCountry "HUN"]

1. e4 e5 2. Nf3 Nc6 3. d4 exd4 4. Bc4 Nf6 5. e5 d5 6. Bb5 Ne4 7. Nxd4 Bc5 8.
Be3 O-O 9. Nxc6 bxc6 10. Bxc5 Nxc5 11. Bxc6 Ba6 12. Bxa8 Qg5 13. Qd2 Qxe5+ 14.
Kd1 Rxa8 15. f4 Qxb2 16. Qc3 Qb6 17. Nd2 Na4 18. Qe5 Qc6 19. Re1 h6 20. Nb3 d4
21. Qxd4 Nc3+ 22. Kd2 Nb5 23. Qe5 Rd8+ 24. Kc1 Nd6 25. Nd4 Qc3 26. Nb3 Qb4 27.
a3 Qc4 28. Qd4 Qc6 29. g4 Rb8 30. Rb1 Nc4 31. Nc5 Rxb1+ 32. Kxb1 Qb5+ 33. Ka2
Nd6 34. Nxa6 Qxa6 35. Rb1 Qc6 36. Rb8+ Kh7 37. Qd3+ 1/2-1/2

[Event "NB2 Asztalos csoport"]
[Site "Decs"]
[Date "2024.11.17"]
[Round "2.11"]
[White "Brindza, Istvan"]
[Black "Papp, Csaba Dr"]
[Result "1-0"]
[WhiteElo "1917"]
[BlackElo "1998"]
[PlyCount "55"]
[EventDate "2024.11.03"]
[EventType "team-tourn"]
[EventRounds "9"]
[EventCountry "HUN"]
[Source "chess.hu"]
[SourceDate "2024.11.17"]
[WhiteTeam "Bajai SSC"]
[BlackTeam "Decs 1990"]
[WhiteTeamCountry "HUN"]
[BlackTeamCountry "HUN"]

1. e4 e5 2. Nf3 f5 3. exf5 e4 4. Qe2 Qe7 5. Nd4 c5 6. Nb5 d5 7. d3 Nf6 8. dxe4
dxe4 9. Bf4 Na6 10. Nd6+ Kd7 11. Nc3 Nc7 12. O-O-O Kc6 13. Nxc8 Rxc8 14. Rd6+
Qxd6 15. Bxd6 Bxd6 16. g3 Rhe8 17. Bg2 b5 18. Rd1 Be5 19. Nxe4 Nfd5 20. Qd3 c4
21. Qa3 b4 22. Qxa7 Rcd8 23. Qc5+ Kb7 24. Ng5 c3 25. bxc3 Bxc3 26. Ne6 Rd7 27.
Nxc7 Rxc7 28. Qxd5+ 1-0

[Event "NB2 Asztalos csoport"]
[Site "Decs"]
[Date "2024.11.17"]
[Round "2.12"]
[White "Nagy, Norbert"]
[Black "Busa, Tamas"]
[Result "1-0"]
[WhiteElo "1873"]
[BlackElo "1822"]
[PlyCount "93"]
[EventDate "2024.11.03"]
[EventType "team-tourn"]
[EventRounds "9"]
[EventCountry "HUN"]
[Source "chess.hu"]
[SourceDate "2024.11.17"]
[WhiteTeam "Decs 1990"]
[BlackTeam "Bajai SSC"]
[WhiteTeamCountry "HUN"]
[BlackTeamCountry "HUN"]

1. e4 c6 2. Nf3 d5 3. Nc3 g6 4. exd5 cxd5 5. d4 Nc6 6. Bb5 Bg7 7. Bf4 Bg4 8. h3
Bxf3 9. Qxf3 e6 10. Rd1 Nge7 11. O-O O-O 12. Be3 Qb6 13. Bxc6 Nxc6 14. Na4 Qb4
15. b3 b5 16. a3 Qxa3 17. Nc5 Nxd4 18. Rxd4 Qxc5 19. Rc4 Qe7 20. Bc5 Qd7 21.
Bxf8 bxc4 22. Bxg7 Kxg7 23. bxc4 Rc8 24. cxd5 Qxd5 25. Qa3 Qd4 26. Qa2 Rc7 27.
Rc1 Qd2 28. Qb2+ f6 29. Qa1 a5 30. c4 a4 31. c5 Qa5 32. Qa3 Qb5 33. c6 Kf7 34.
Qd6 Qb8 35. Re1 Qc8 36. Rxe6 Qxe6 37. Qxc7+ Qe7 38. Qa5 Qd6 39. Qxa4 Qc7 40.
Qe4 Qe7 41. Qd5+ Qe6 42. Qc5 Ke8 43. c7 Qc8 44. Qd6 f5 45. Qe5+ Kf7 46. Qd6 Ke8
47. Qf6 1-0

[Event "NB2 Asztalos csoport"]
[Site "Nagyatad"]
[Date "2024.11.17"]
[Round "2.1"]
[White "Halasz, Attila"]
[Black "Vrban, Mladen"]
[Result "0-1"]
[WhiteElo "2080"]
[BlackElo "2284"]
[PlyCount "96"]
[EventDate "2024.11.03"]
[EventType "team-tourn"]
[EventRounds "9"]
[EventCountry "HUN"]
[Source "chess.hu"]
[SourceDate "2024.11.17"]
[WhiteTeam "Kalocsai SK"]
[BlackTeam "Sakk Egylet Nagyatad"]
[WhiteTeamCountry "HUN"]
[BlackTeamCountry "HUN"]

1. d4 g6 2. c4 Nf6 3. Nc3 Bg7 4. e4 d6 5. Nf3 O-O 6. Be2 e5 7. O-O Nc6 8. Bg5
Nxd4 9. Nxd4 exd4 10. Qxd4 Nxe4 11. Bxd8 Bxd4 12. Bxc7 Bxc3 13. bxc3 Be6 14.
Bf3 Rac8 15. Ba5 Nc5 16. Rfd1 b6 17. Bb4 Rfd8 18. Rd4 a5 19. Ba3 Na4 20. Bxd6
Nxc3 21. Be5 Rxd4 22. Bxd4 Rxc4 23. Bxb6 a4 24. a3 Bd5 25. Bxd5 Nxd5 26. Ba5 f5
27. Kf1 Kf7 28. Ke2 Re4+ 29. Kd2 Rd4+ 30. Ke2 Nf4+ 31. Kf1 Rd3 32. g3 Nd5 33.
Ke2 Rb3 34. Bd2 Ke6 35. h4 Ke5 36. Bh6 Ke4 37. Bd2 h5 38. Bh6 Rb2+ 39. Bd2 Nc3+
40. Ke1 Nb1 41. Bc1 Rb3 42. Ra2 Nc3 43. Rc2 Kf3 44. Bb2 Ne4 45. Re2 Kg2 46. Rc2
Rf3 47. Rc4 Nxf2 48. Ke2 Ne4 0-1

[Event "NB2 Asztalos csoport"]
[Site "Nagyatad"]
[Date "2024.11.17"]
[Round "2.2"]
[White "Matko, Ognjen"]
[Black "Molnar, Krisztian"]
[Result "1-0"]
[WhiteElo "2264"]
[BlackElo "1988"]
[PlyCount "75"]
[EventDate "2024.11.03"]
[EventType "team-tourn"]
[EventRounds "9"]
[EventCountry "HUN"]
[Source "chess.hu"]
[SourceDate "2024.11.17"]
[WhiteTeam "Sakk Egylet Nagyatad"]
[BlackTeam "Kalocsai SK"]
[WhiteTeamCountry "HUN"]
[BlackTeamCountry "HUN"]

1. e4 e6 2. d4 d5 3. Nd2 Nf6 4. e5 Nfd7 5. Bd3 c5 6. c3 Nc6 7. Ne2 cxd4 8. cxd4
f6 9. exf6 Nxf6 10. O-O Bd6 11. f4 Qb6 12. Nf3 O-O 13. Kh1 Bd7 14. a3 Rac8 15.
b4 Be8 16. Ng5 Bd7 17. Be3 h6 18. Nf3 Be8 19. Qe1 Bh5 20. Qh4 Ne7 21. Bg1 Bg6
22. Ne5 Bxd3 23. Nxd3 Ng6 24. Qh3 Rfe8 25. Nc5 Bf8 26. f5 exf5 27. Qxf5 Ne7 28.
Qf3 Nc6 29. Nf4 Bxc5 30. dxc5 Qd8 31. Rad1 Ne5 32. Qb3 Kh8 33. Nxd5 Nxd5 34.
Rxd5 Qc7 35. h3 Rf8 36. Rfd1 Nf3 37. Rd7 Qg3 38. R7d3 1-0

[Event "NB2 Asztalos csoport"]
[Site "Nagyatad"]
[Date "2024.11.17"]
[Round "2.3"]
[White "Ruppaner, Janos"]
[Black "Horvath, Attila"]
[Result "1/2-1/2"]
[WhiteElo "2033"]
[BlackElo "2112"]
[PlyCount "77"]
[EventDate "2024.11.03"]
[EventType "team-tourn"]
[EventRounds "9"]
[EventCountry "HUN"]
[Source "chess.hu"]
[SourceDate "2024.11.17"]
[WhiteTeam "Kalocsai SK"]
[BlackTeam "Sakk Egylet Nagyatad"]
[WhiteTeamCountry "HUN"]
[BlackTeamCountry "HUN"]

1. e4 c5 2. Nf3 e6 3. d4 cxd4 4. Nxd4 a6 5. c4 Nf6 6. Bd3 Nc6 7. Nc2 b5 8. cxb5
axb5 9. f4 h5 10. h3 Nb4 11. Nxb4 Bxb4+ 12. Nc3 Bb7 13. Qe2 Ra4 14. e5 Bxc3+
15. bxc3 Nd5 16. O-O Nxc3 17. Qb2 Qb6+ 18. Kh2 Qd4 19. Bc2 Ra8 20. Bb3 Qd3 21.
Re1 Nd5 22. Bd2 h4 23. Bxd5 Qg3+ 24. Kg1 Bxd5 25. Re2 O-O 26. a3 Rfc8 27. Rf2
Qd3 28. Bb4 Rc4 29. Re1 Rcc8 30. Qe2 Qh7 31. Qg4 Rc2 32. Ree2 Rc1+ 33. Kh2 Qb1
34. Qxh4 Rh1+ 35. Kg3 Qd3+ 36. Kg4 Qf5+ 37. Kg3 Qd3+ 38. Kg4 Qf5+ 39. Kg3
1/2-1/2

[Event "NB2 Asztalos csoport"]
[Site "Nagyatad"]
[Date "2024.11.17"]
[Round "2.4"]
[White "Konig, Balazs"]
[Black "Lukacs, Albert"]
[Result "1-0"]
[WhiteElo "2101"]
[BlackElo "1962"]
[PlyCount "67"]
[EventDate "2024.11.03"]
[EventType "team-tourn"]
[EventRounds "9"]
[EventCountry "HUN"]
[Source "chess.hu"]
[SourceDate "2024.11.17"]
[WhiteTeam "Sakk Egylet Nagyatad"]
[BlackTeam "Kalocsai SK"]
[WhiteTeamCountry "HUN"]
[BlackTeamCountry "HUN"]

1. d4 Nf6 2. c4 g6 3. Nc3 Bg7 4. e4 d6 5. f3 Nc6 6. Nge2 e5 7. Be3 O-O 8. Qd2
a6 9. d5 Nb8 10. Nc1 Nfd7 11. Nd3 a5 12. c5 dxc5 13. Nxc5 b6 14. Nxd7 Bxd7 15.
O-O-O a4 16. Kb1 Ra5 17. a3 Bf6 18. Na2 Be7 19. Nb4 Bb5 20. Qc3 Bd6 21. Bxb5
Rxb5 22. Qc4 Ra5 23. Rc1 Ra8 24. Rhd1 Nd7 25. Nd3 Qe7 26. Bd2 Rfb8 27. Bb4 b5
28. Qxc7 Bxc7 29. Bxe7 Bb6 30. Nb4 Re8 31. Nc6 f6 32. Bb4 Kf7 33. d6 Nb8 34. d7
1-0

[Event "NB2 Asztalos csoport"]
[Site "Nagyatad"]
[Date "2024.11.17"]
[Round "2.5"]
[White "Czibulka, Zoltan Dr"]
[Black "Szijarto, Attila"]
[Result "0-1"]
[WhiteElo "1902"]
[BlackElo "1968"]
[PlyCount "96"]
[EventDate "2024.11.03"]
[EventType "team-tourn"]
[EventRounds "9"]
[EventCountry "HUN"]
[Source "chess.hu"]
[SourceDate "2024.11.17"]
[WhiteTeam "Kalocsai SK"]
[BlackTeam "Sakk Egylet Nagyatad"]
[WhiteTeamCountry "HUN"]
[BlackTeamCountry "HUN"]

1. Nf3 Nf6 2. c4 d5 3. cxd5 Nxd5 4. g3 e6 5. Bg2 Be7 6. O-O O-O 7. Nc3 Nb6 8.
b3 Nc6 9. d4 Bf6 10. e3 e5 11. dxe5 Nxe5 12. Nxe5 Bxe5 13. Bb2 c6 14. Qe2 Be6
15. Rad1 Qe7 16. Rd3 Rad8 17. Rfd1 Rxd3 18. Qxd3 Bf6 19. f4 Rd8 20. Qxd8+ Qxd8
21. Rxd8+ Bxd8 22. e4 Be7 23. Kf2 Bc5+ 24. Kf3 Bd4 25. Nd1 Bxb2 26. Nxb2 f6 27.
Bf1 Kf7 28. f5 Bd7 29. g4 c5 30. Kf4 g5+ 31. fxg6+ hxg6 32. h4 Bc6 33. Nc4 Nxc4
34. Bxc4+ Kg7 35. g5 b5 36. gxf6+ Kxf6 37. e5+ Kg7 38. Bd3 a5 39. Be4 Be8 40.
Kg5 Bf7 41. Bd3 c4 42. bxc4 Bxc4 43. Bxg6 Bxa2 44. h5 a4 45. h6+ Kh8 46. Kf6 a3
47. Bc2 b4 48. Kf5 Bd5 0-1

[Event "NB2 Asztalos csoport"]
[Site "Nagyatad"]
[Date "2024.11.17"]
[Round "2.6"]
[White "Ferencz, Miklos"]
[Black "Matota, Kornel Dr"]
[Result "1-0"]
[WhiteElo "1987"]
[BlackElo "1936"]
[PlyCount "99"]
[EventDate "2024.11.03"]
[EventType "team-tourn"]
[EventRounds "9"]
[EventCountry "HUN"]
[Source "chess.hu"]
[SourceDate "2024.11.17"]
[WhiteTeam "Sakk Egylet Nagyatad"]
[BlackTeam "Kalocsai SK"]
[WhiteTeamCountry "HUN"]
[BlackTeamCountry "HUN"]

1. e4 e5 2. Nf3 Nf6 3. Nxe5 d6 4. Nf3 Nxe4 5. d4 d5 6. Bd3 Be7 7. O-O O-O 8. c4
c6 9. Nc3 Bf5 10. Qc2 Bf6 11. Nxe4 dxe4 12. Bxe4 Bxe4 13. Qxe4 Re8 14. Qd3 Nd7
15. Rd1 Qa5 16. Be3 Rad8 17. Qb3 b6 18. h3 h6 19. Rd2 Nf8 20. Rad1 Ne6 21. a3
g6 22. d5 Nc5 23. Qc2 Ne4 24. Rd3 Nc5 25. b4 Qa4 26. Qxa4 Nxa4 27. dxc6 Rc8 28.
Rd7 Rxc6 29. Rxa7 Nb2 30. Rdd7 Nxc4 31. Bxh6 Nd6 32. a4 b5 33. axb5 Nxb5 34.
Ra5 Rb6 35. Be3 Rbb8 36. Ba7 Nxa7 37. Raxa7 Rxb4 38. Rxf7 Rb1+ 39. Kh2 Bc3 40.
Rfc7 Bf6 41. Rf7 Bc3 42. Rac7 Re2 43. Rfd7 Bb4 44. Rc8+ Bf8 45. Rdd8 Rxf2 46.
Rxf8+ Kg7 47. Rg8+ Kf6 48. Rc6+ Kf5 49. Rgxg6 Rbb2 50. Rcf6+ 1-0

[Event "NB2 Asztalos csoport"]
[Site "Nagyatad"]
[Date "2024.11.17"]
[Round "2.7"]
[White "Bartuszek, Andras"]
[Black "Bocska, Janos"]
[Result "1-0"]
[WhiteElo "1805"]
[BlackElo "1974"]
[PlyCount "65"]
[EventDate "2024.11.03"]
[EventType "team-tourn"]
[EventRounds "9"]
[EventCountry "HUN"]
[Source "chess.hu"]
[SourceDate "2024.11.17"]
[WhiteTeam "Kalocsai SK"]
[BlackTeam "Sakk Egylet Nagyatad"]
[WhiteTeamCountry "HUN"]
[BlackTeamCountry "HUN"]

1. e4 e6 2. e5 d6 3. exd6 Bxd6 4. d4 Nf6 5. Nf3 O-O 6. Bd3 Nbd7 7. Bg5 c5 8.
Nc3 cxd4 9. Nxd4 Qa5 10. h4 Bb4 11. Bd2 Nd5 12. Nb3 Qc7 13. Nxd5 Bxd2+ 14. Qxd2
exd5 15. O-O-O Nf6 16. h5 h6 17. f3 Qg3 18. Kb1 Re8 19. Bb5 Re5 20. Qd4 Bf5 21.
Bd3 Bxd3 22. Qxd3 Rae8 23. Nd4 Qxg2 24. a4 Qf2 25. Rhf1 Qe3 26. Qb5 R8e7 27. f4
Rxh5 28. Rfe1 Qxe1 29. Rxe1 Rxe1+ 30. Ka2 Re4 31. c3 Rxf4 32. Qxb7 Rh2 33. Qb8+
1-0

[Event "NB2 Asztalos csoport"]
[Site "Nagyatad"]
[Date "2024.11.17"]
[Round "2.8"]
[White "Ehrbar, Tibor"]
[Black "Fekete, Antal"]
[Result "1-0"]
[WhiteElo "1879"]
[BlackElo "1602"]
[PlyCount "33"]
[EventDate "2024.11.03"]
[EventType "team-tourn"]
[EventRounds "9"]
[EventCountry "HUN"]
[Source "chess.hu"]
[SourceDate "2024.11.17"]
[WhiteTeam "Sakk Egylet Nagyatad"]
[BlackTeam "Kalocsai SK"]
[WhiteTeamCountry "HUN"]
[BlackTeamCountry "HUN"]

1. e4 c6 2. d4 d5 3. e5 Bf5 4. Nf3 e6 5. Be2 Ne7 6. O-O Ng6 7. Be3 Qb6 8. b3 c5
9. c4 Nc6 10. cxd5 exd5 11. Nc3 Rd8 12. Na4 Qc7 13. Bg5 Rd7 14. Nxc5 Bxc5 15.
dxc5 Ncxe5 16. Nxe5 Qxe5 17. Bb5 1-0

[Event "NB2 Asztalos csoport"]
[Site "Nagyatad"]
[Date "2024.11.17"]
[Round "2.9"]
[White "Grafik, Martin"]
[Black "Sasvari, Tamas"]
[Result "0-1"]
[WhiteElo "1604"]
[BlackElo "1850"]
[PlyCount "60"]
[EventDate "2024.11.03"]
[EventType "team-tourn"]
[EventRounds "9"]
[EventCountry "HUN"]
[Source "chess.hu"]
[SourceDate "2024.11.17"]
[WhiteTeam "Kalocsai SK"]
[BlackTeam "Sakk Egylet Nagyatad"]
[WhiteTeamCountry "HUN"]
[BlackTeamCountry "HUN"]

1. e4 c5 2. Nf3 d6 3. Nc3 Nf6 4. Bc4 e6 5. Bb3 a6 6. d3 Nc6 7. Be3 Be7 8. h3
O-O 9. a3 h6 10. Qe2 b6 11. O-O-O Bb7 12. g4 d5 13. e5 d4 14. exf6 Bxf6 15. Ne4
dxe3 16. Nxf6+ Qxf6 17. fxe3 Na5 18. Ba2 Bxf3 19. Qh2 Bxd1 20. Rxd1 Rac8 21. c4
Rfd8 22. Qe2 Nc6 23. Rf1 Qh4 24. Qf3 Ne5 25. Qe4 Nxd3+ 26. Kc2 Qxh3 27. Rd1
Qh2+ 28. Rd2 Ne1+ 29. Kc3 Qxd2+ 30. Kb3 Rd3+ 0-1

[Event "NB2 Asztalos csoport"]
[Site "Nagyatad"]
[Date "2024.11.17"]
[Round "2.10"]
[White "Krivarics, Robert"]
[Black "Kiss, Jeremias"]
[Result "1-0"]
[WhiteElo "1881"]
[BlackElo "1445"]
[PlyCount "65"]
[EventDate "2024.11.03"]
[EventType "team-tourn"]
[EventRounds "9"]
[EventCountry "HUN"]
[Source "chess.hu"]
[SourceDate "2024.11.17"]
[WhiteTeam "Sakk Egylet Nagyatad"]
[BlackTeam "Kalocsai SK"]
[WhiteTeamCountry "HUN"]
[BlackTeamCountry "HUN"]

1. e4 c5 2. d4 cxd4 3. c3 dxc3 4. Nxc3 Nc6 5. Bc4 d6 6. Nf3 Bg4 7. Bxf7+ Kxf7
8. Ng5+ Ke8 9. Qxg4 e5 10. O-O Nf6 11. Qd1 h6 12. Ne6 Qd7 13. Nb5 Be7 14. Nec7+
Kf7 15. Nxa8 Rxa8 16. f4 a6 17. Nc3 Rd8 18. fxe5 Nxe5 19. Nd5 Kg8 20. Be3 Nxe4
21. Nxe7+ Qxe7 22. Qd5+ Kh8 23. Qxe4 d5 24. Qd4 Nc6 25. Qd2 d4 26. Bf4 d3 27.
Rae1 Qc5+ 28. Be3 Qc4 29. Bxh6 gxh6 30. Qxh6+ Kg8 31. Qg6+ Kh8 32. Rf3 d2 33.
Rh3+ 1-0

[Event "NB2 Asztalos csoport"]
[Site "Kalocsa"]
[Date "2024.12.01"]
[Round "3.1"]
[White "Kele, Karoly"]
[Black "Eltigani, Omar"]
[Result "0-1"]
[WhiteElo "2050"]
[BlackElo "2219"]
[PlyCount "150"]
[GameId "2120069651014864"]
[EventDate "2024.11.03"]
[EventType "team-tourn"]
[EventRounds "9"]
[EventCountry "HUN"]
[Source "chess.hu"]
[WhiteTeam "Karmin PSSE"]
[BlackTeam "Kalocsai SK"]
[WhiteTeamCountry "HUN"]
[BlackTeamCountry "HUN"]

{[%evp 0,69,18,15,23,16,20,14,38,12,34,22,18,26,49,36,42,40,33,39,42,28,25,25,28,38,39,39,39,19,55,45,59,92,66,52,60,30,64,51,47,27,-5,27,46,47,47,123,23,23,27,34,54,35,35,16,-38,29,-122,10,-3,-64,-72,-12,-9,-16,-7,-90,-75,-133,30,-21]} 1. e4 c5 2. Nf3 e6 3. d4 cxd4 4. Nxd4 a6 5. Bd3 Bc5 6. Nb3 Be7 7. c4 d6 8. Nc3 Nf6 9. Be3 Nbd7 10. Rc1 b6 11. O-O Bb7 12. f3 Rc8 13. Be2 O-O 14. Qe1 Qc7 15. Qf2 Bd8 16. Rfd1 Qb8 17. Nd2 Bc7 18. Nf1 Rfe8 19. b3 Bc6 20. a4 Nc5 21. Rb1 h6 22. Bd4 Bd8 23. Be3 Be7 24. Ng3 Rcd8 25. Bf1 Bf8 26. Bf4 Qb7 27. Qc2 a5 28. Rd2 d5 29. e5 Nfd7 30. Nge2 dxc4 31. bxc4 Na6 32. Nd4 Bc5 33. Ncb5 Nb4 34. Qd1 f6 35. Kh1 Nxe5 36. Bxe5 fxe5 37. Nxc6 Nxc6 38. Nd6 Qd7 39. Ne4 Bd4 40. Rxb6 Qc7 41. Rb1 Nb4 42. h3 Rf8 43. Qb3 Qe7 44. Rbd1 Rb8 45. Qa3 Rb7 46. Nc3 Qg5 47. Ne4 Qf4 48. Be2 Rc7 49. Qb3 Kh8 50. g3 Qf7 51. Kg2 Na6 52. Rf1 Rb8 53. Qd1 Qd7 54. Nc3 Qc6 55. Nb5 Rd7 56. Nxd4 exd4 57. Rxd4 Rbd8 58. Rxd7 Rxd7 59. Qc2 Nc5 60. Rb1 Rd8 61. Rd1 Rb8 62. Rb1 Rb4 63. Bd1 Qb6 64. Rxb4 axb4 65. Kf1 b3 66. Qg6 Qd6 67. Ke2 Qd4 68. Bxb3 Qe5+ 69. Kd1 Nxb3 70. Kc2 Nd4+ 71. Kd3 Nxf3 72. Qg4 Qd6+ 73. Ke3 Ne5 74. Qd4 Qc7 75. c5 Nd7 0-1

[Event "NB2 Asztalos csoport"]
[Site "Kalocsa"]
[Date "2024.12.01"]
[Round "3.2"]
[White "Molnar, Krisztian"]
[Black "Albrecht, Akos"]
[Result "1/2-1/2"]
[WhiteElo "1979"]
[BlackElo "2011"]
[PlyCount "144"]
[GameId "2120072846714465"]
[EventDate "2024.11.03"]
[EventType "team-tourn"]
[EventRounds "9"]
[EventCountry "HUN"]
[Source "chess.hu"]
[WhiteTeam "Kalocsai SK"]
[BlackTeam "Karmin PSSE"]
[WhiteTeamCountry "HUN"]
[BlackTeamCountry "HUN"]

1. Nf3 d5 2. d4 Nf6 3. c4 e6 4. Nc3 a6 5. cxd5 exd5 6. Bf4 Bd6 7. Bg5 Be6 8. e3 Nbd7 9. Bd3 c6 10. O-O O-O 11. Rc1 Qc7 12. h3 h6 13. Bxf6 Nxf6 14. Bb1 g6 15. a3 Rae8 16. b4 Ne4 17. Bxe4 dxe4 18. Nxe4 Be7 19. Nc3 a5 20. d5 Rd8 21. Qb3 cxd5 22. Nxd5 Qd6 23. Nxe7+ Qxe7 24. Qb2 a4 25. Nd4 Bd5 26. Rc3 Qg5 27. f3 Rfe8 28. Qf2 Qf6 29. Rfc1 Qe5 30. Qc2 Rd7 31. Kf2 Kh7 32. Qxa4 Rde7 33. Qc2 Qf6 34. Qd2 Re5 35. Kg1 Rd8 36. Qf2 Rg5 37. e4 Bxe4 38. fxe4 Qxd4 39. Rf3 Qxf2+ 40. Rxf2 Rd7 41. Rfc2 Kg7 42. Rc5 Rd3 43. Rxg5 hxg5 44. Rc7 Rxa3 45. Kf2 Rb3 46. Rxb7 Kf6 47. Rb5 Ke6 48. Rxg5 Rxb4 49. Kf3 Rb3+ 50. Kf4 Rb4 51. Re5+ Kf6 52. Ra5 Kg7 53. g4 Rb6 54. h4 Rc6 55. h5 gxh5 56. Rxh5 Rb6 57. Rd5 Rc6 58. e5 f6 59. Rd7+ Kg8 60. Rd6 fxe5+ 61. Kxe5 Rxd6 62. Kxd6 Kf7 63. Ke5 Kg6 64. Kf4 Kf6 65. g5+ Kg6 66. Kg4 Kg7 67. Kh5 Kh7 68. g6+ Kg7 69. Kg5 Kg8 70. Kf5 Kg7 71. Kg5 Kg8 72. Kf6 Kf8 1/2-1/2

[Event "NB2 Asztalos csoport"]
[Site "Kalocsa"]
[Date "2024.12.01"]
[Round "3.3"]
[White "Hrubos, Viktor"]
[Black "Ruppaner, Janos"]
[Result "1-0"]
[WhiteElo "1943"]
[BlackElo "2027"]
[PlyCount "115"]
[GameId "2120074044343916"]
[EventDate "2024.11.03"]
[EventType "team-tourn"]
[EventRounds "9"]
[EventCountry "HUN"]
[Source "chess.hu"]
[WhiteTeam "Karmin PSSE"]
[BlackTeam "Kalocsai SK"]
[WhiteTeamCountry "HUN"]
[BlackTeamCountry "HUN"]

1. Nf3 d6 2. b3 Bg4 3. e3 e5 4. Be2 Bh5 5. Bb2 Nd7 6. d4 e4 7. Nfd2 Bg6 8. c4 c6 9. Nc3 f5 10. Qc2 Ngf6 11. O-O-O a6 12. f3 d5 13. h4 Bd6 14. fxe4 fxe4 15. g4 Rc8 16. h5 Bf7 17. g5 Ng8 18. g6 Be6 19. Rhg1 h6 20. Kb1 Be7 21. Ndxe4 dxe4 22. Qxe4 Nf8 23. d5 Nf6 24. Qf3 cxd5 25. Nxd5 Bxd5 26. Rxd5 N8d7 27. Rgd1 O-O 28. Qf5 Qb6 29. Rxd7 Nxd7 30. Qxd7 Qxe3 31. Bg4 Qe4+ 32. Ka1 Rcd8 33. Qe6+ Qxe6 34. Bxe6+ Kh8 35. Bd5 b5 36. Re1 Bb4 37. Rc1 Rf5 38. a3 Bf8 39. Bf7 Rxh5 40. cxb5 axb5 41. b4 Rh2 42. Rf1 Be7 43. Bb3 Rf8 44. Bf7 h5 45. Be5 Rh3 46. Kb2 Rd8 47. Rf2 Rhd3 48. Rf5 Rh3 49. Rf2 Bg5 50. Bc3 Rdd3 51. Bc4 Rdf3 52. Rxf3 Rxf3 53. Bxb5 Bf6 54. Bxf6 gxf6 55. Bc6 Rg3 56. b5 Rxg6 57. a4 f5 58. a5 1-0

[Event "NB2 Asztalos csoport"]
[Site "Kalocsa"]
[Date "2024.12.01"]
[Round "3.4"]
[White "Lukacs, Albert"]
[Black "Pinter, Szabolcs Peter"]
[Result "0-1"]
[WhiteElo "1965"]
[BlackElo "1841"]
[PlyCount "73"]
[GameId "2120075474544437"]
[EventDate "2024.11.03"]
[EventType "team-tourn"]
[EventRounds "9"]
[EventCountry "HUN"]
[Source "chess.hu"]
[WhiteTeam "Kalocsai SK"]
[BlackTeam "Karmin PSSE"]
[WhiteTeamCountry "HUN"]
[BlackTeamCountry "HUN"]

1. e4 d6 2. d4 Nf6 3. Nc3 e5 4. d5 Nbd7 5. Be3 Be7 6. h3 c6 7. Nf3 O-O 8. Bc4 Qa5 9. Nd2 a6 10. a3 c5 11. O-O b5 12. Be2 Qc7 13. f4 exf4 14. Bxf4 Ne5 15. Bxe5 dxe5 16. b3 Bd7 17. Qe1 b4 18. Nd1 bxa3 19. Bc4 Nh5 20. Nf3 Nf4 21. Ne3 Kh8 22. Rxa3 f5 23. Qg3 Bb5 24. Kh2 Bxc4 25. Nxc4 Ne2 26. Qxe5 Qxe5+ 27. Nfxe5 fxe4 28. Rxf8+ Rxf8 29. Rxa6 Bh4 30. Ra1 Nd4 31. d6 Nxc2 32. Rd1 e3 33. Rc1 e2 34. Nf3 Rxf3 35. gxf3 e1=Q 36. Rxe1 Nxe1 37. Ne5 0-1

[Event "NB2 Asztalos csoport"]
[Site "Kalocsa"]
[Date "2024.12.01"]
[Round "3.5"]
[White "Rein, Viktor"]
[Black "Czibulka, Zoltan Dr."]
[Result "1-0"]
[WhiteElo "1951"]
[BlackElo "1888"]
[PlyCount "103"]
[GameId "2120076183054222"]
[EventDate "2024.11.03"]
[EventType "team-tourn"]
[EventRounds "9"]
[EventCountry "HUN"]
[Source "chess.hu"]
[WhiteTeam "Karmin PSSE"]
[BlackTeam "Kalocsai SK"]
[WhiteTeamCountry "HUN"]
[BlackTeamCountry "HUN"]

1. d4 Nf6 2. c4 c6 3. Nc3 d5 4. e3 e6 5. Nf3 Nbd7 6. Bd3 a6 7. O-O b5 8. cxb5 cxb5 9. a3 Bb7 10. Bd2 Bd6 11. b4 O-O 12. Qb3 Ne4 13. Rfc1 Nxc3 14. Rxc3 Nb6 15. Be1 Qd7 16. Rac1 Nc4 17. Qa2 Rfc8 18. Nd2 a5 19. bxa5 Rxa5 20. Bxc4 bxc4 21. Nb1 Ra4 22. Qb2 Rca8 23. e4 g6 24. e5 Be7 25. Rh3 Bg5 26. Bd2 Be7 27. Rcc3 f5 28. Bc1 Rf8 29. f4 Rf7 30. Nd2 h5 31. Rcg3 Rg7 32. Nf3 c3 33. Qxc3 Qc6 34. Qxc6 Bxc6 35. Bb2 Bxa3 36. Bxa3 Rxa3 37. Nd2 Ra1+ 38. Kf2 Ra2 39. Ke1 Kh7 40. Ra3 Ra7 41. Rxa7+ Rxa7 42. Rc3 Ra1+ 43. Kf2 Bb5 44. Rc2 Bd3 45. Rc6 Ra6 46. Rxa6 Bxa6 47. Nb3 Kg7 48. Nc5 Bc8 49. Kg3 g5 50. fxg5 Kg6 51. Kh4 f4 52. h3 1-0

[Event "NB2 Asztalos csoport"]
[Site "Kalocsa"]
[Date "2024.12.01"]
[Round "3.6"]
[White "Nagy, Imre"]
[Black "Katona, Peter"]
[Result "0-1"]
[WhiteElo "2050"]
[BlackElo "1908"]
[PlyCount "38"]
[GameId "2120082490189940"]
[EventDate "2024.11.03"]
[EventType "team-tourn"]
[EventRounds "9"]
[EventCountry "HUN"]
[Source "chess.hu"]
[WhiteTeam "Kalocsai SK"]
[BlackTeam "Karmin PSSE"]
[WhiteTeamCountry "HUN"]
[BlackTeamCountry "HUN"]

1. e4 e6 2. Nf3 d5 3. exd5 exd5 4. d4 Nf6 5. Bg5 Be7 6. h3 O-O 7. Bd3 Bb4+ 8. c3 Re8+ 9. Be2 Bd6 10. O-O h6 11. Bxf6 Qxf6 12. Bd3 Bf5 13. Bxf5 Qxf5 14. Nbd2 Nd7 15. Nh2 Nf6 16. Ndf3 Ne4 17. Nd2 Bxh2+ 18. Kxh2 Qf4+ 19. Kg1 Qxd2 0-1